[Event "Winnipeg Yanofsky Memorial"]
[Site "Winnipeg"]
[Date "2012.07.29"]
[Round "4"]
[White "Green, Aaron"]
[Black "Repa, Jason"]
[Result "0-1"]
[WhiteElo "2002"]
[BlackElo "2106"]
[PlyCount "68"]
[EventDate "2012.07.27"]
[EventType "swiss"]
[EventRounds "5"]
[EventCountry "CAN"]
[SourceTitle "EXT 2022"]
[Source "ChessBase"]
[SourceDate "2021.10.06"]
[SourceVersion "1"]
[SourceVersionDate "2021.10.06"]
[SourceQuality "1"]

1. e4 e6 2. d4 d5 3. exd5 exd5 4. c4 Nf6 5. Bd3 Be7 6. Ne2 0-0 7. 0-0 Nc6 8. Nbc3 Nb4 9. a3 Nxd3 10. Qxd3 dxc4 11. Qxc4 c6 12. h3 Be6 13. Qd3 b5 14. Nf4 Bc4 15. Qg3 Bxf1 16. Kxf1 Qxd4 17. Be3 Qc4+ 18. Kg1 Bd6 19. Qf3 Bxf4 20. Bxf4 Nd5 21. Nxd5 Qxd5 22. Qg3 Rfe8 23. Rc1 c5 24. Rc3 c4 25. Rf3 Re1+ 26. Kh2 Qd1 27. Qg4 Rh1+ 28. Kg3 Re8 29. Bh6 Qd6+ 30. Bf4 Qe6 31. Qh5 Qg6+ 32. Qxg6 hxg6 33. Bd2 Rd1 34. Bc3 Rd3 0-1

[Event "Winnipeg TNT April op"]
[Site "Winnipeg"]
[Date "2012.04.24"]
[Round "4"]
[White "Repa, Jason"]
[Black "Kaptsan, Aron"]
[Result "1-0"]
[WhiteElo "1999"]
[BlackElo "1953"]
[PlyCount "41"]
[EventDate "2012.04.03"]
[EventType "swiss"]
[EventRounds "4"]
[EventCountry "CAN"]
[SourceTitle "EXT 2022"]
[Source "ChessBase"]
[SourceDate "2021.10.06"]
[SourceVersion "1"]
[SourceVersionDate "2021.10.06"]
[SourceQuality "1"]

1. e4 e5 2. Nf3 Nc6 3. Nc3 d6 4. d4 exd4 5. Nxd4 Nxd4 6. Qxd4 Nf6 7. Bg5 Be7 8. 0-0-0 0-0 9. e5 dxe5 10. Qh4 Qe8 11. Bb5 c6 12. Bd3 h6 13. Bxh6 gxh6 14. Qxh6 e4 15. Qg5+ Kh8 16. Nxe4 Nxe4 17. Qh6+ Kg8 18. Bxe4 f5 19. Rd3 Rf6 20. Rg3+ Kf7 21. Qh5+ 1-0

[Event "Winnipeg TNT February op"]
[Site "Winnipeg"]
[Date "2011.02.08"]
[Round "2.4"]
[White "Repa, Jason"]
[Black "Pottinger, Carl"]
[Result "1/2-1/2"]
[WhiteElo "2035"]
[BlackElo "1851"]
[PlyCount "48"]
[EventDate "2011.02.01"]
[EventType "swiss"]
[EventRounds "4"]
[EventCountry "CAN"]
[SourceTitle "EXT 2022"]
[Source "ChessBase"]
[SourceDate "2021.10.06"]
[SourceVersion "1"]
[SourceVersionDate "2021.10.06"]
[SourceQuality "1"]

1. f4 c5 2. Nf3 Nf6 3. e3 g6 4. Nc3 Bg7 5. Be2 0-0 6. 0-0 d6 7. Qe1 a6 8. d3 b5 9. Qh4 b4 10. Nd1 Nc6 11. Nf2 a5 12. e4 e6 13. Be3 Nd7 14. Qxd8 Rxd8 15. Rab1 Nb6 16. e5 Nd5 17. Bd2 dxe5 18. fxe5 Nxe5 19. Ng5 Ba6 20. Nfe4 h6 21. Nxc5 hxg5 22. Nxa6 Rxa6 23. d4 Nf3+ 24. Rxf3 Bxd4+ 1/2-1/2

[Event "FICGS rapid SM 000004 email"]
[Site "FICGS email"]
[Date "2010.01.27"]
[Round "1"]
[White "Khachaturov, Vadim"]
[Black "Repa, Jason"]
[Result "1/2-1/2"]
[WhiteElo "2314"]
[BlackElo "2298"]
[PlyCount "116"]
[EventDate "2010.??.??"]
[EventType "tourn (rapid)"]
[EventRounds "1"]
[SourceTitle "Corr 2013"]
[Source "ChessBase"]
[SourceDate "2012.11.12"]
[SourceVersion "1"]
[SourceVersionDate "2012.11.12"]
[SourceQuality "1"]

1. e4 e6 2. d4 d5 3. Nd2 Nf6 4. e5 Nfd7 5. Bd3 c5 6. c3 Nc6 7. Ne2 cxd4 8. cxd4 f6 9. exf6 Nxf6 10. 0-0 Bd6 11. Nf3 0-0 12. Bf4 Ne4 13. Bxd6 Nxd6 14. Qc2 Kh8 15. Qc5 Nf7 16. Bb5 Bd7 17. Bxc6 Bxc6 18. Nf4 Qf6 19. Nd3 a6 20. a4 Rac8 21. Qb4 Qg6 22. Nde5 Nxe5 23. Nxe5 Qe4 24. g3 Kg8 25. b3 a5 26. Qc5 Bxa4 27. Qd6 Be8 28. Qxe6+ Bf7 29. Qb6 Rc2 30. Rxa5 Bh5 31. Qe6+ Bf7 32. Qd7 h6 33. b4 Bg6 34. Qxd5+ Qxd5 35. Rxd5 Bf5 36. g4 Be6 37. Rb5 Rf4 38. h3 Rxd4 39. Rxb7 Re4 40. Rb5 Rce2 41. Nf3 Rb2 42. Rb8+ Kh7 43. Rd1 Rexb4 44. Rxb4 Rxb4 45. Rd6 Bc8 46. Kh2 Rb2 47. Nd2 Bb7 48. Kg3 Kg8 49. f3 Kf7 50. Nc4 Rb3 51. Ne5+ Ke7 52. Rg6 Kf8 53. Re6 Ba8 54. Kf4 Bb7 55. h4 Rb5 56. h5 Rb3 57. Kg3 Ba8 58. Kf2 Rb2+ 1/2-1/2

[Event "FICGS W-ch final email"]
[Site "FICGS email"]
[Date "2009.03.15"]
[Round "1"]
[White "Gueci, Alberto"]
[Black "Repa, Jason"]
[Result "1/2-1/2"]
[WhiteElo "2379"]
[BlackElo "2336"]
[PlyCount "44"]
[EventDate "2009.??.??"]
[EventType "tourn (corr)"]
[EventRounds "6"]
[EventCategory "5"]
[SourceTitle "Corr 2022"]
[Source "ChessBase"]
[SourceDate "2021.10.24"]
[SourceVersion "1"]
[SourceVersionDate "2021.10.24"]
[SourceQuality "1"]

1. e4 e6 2. d4 d5 3. Nc3 Nf6 4. e5 Nfd7 5. f4 c5 6. Nf3 Nc6 7. Be3 a6 8. Qd2 b5 9. a3 Qb6 10. Ne2 c4 11. Ng3 Qa5 12. Qxa5 Nxa5 13. Be2 Nc6 14. 0-0 g6 15. b3 Nb6 16. Rfb1 Be7 17. Bf2 Bd7 18. Nf1 0-0 19. Ne3 Rfc8 20. Be1 Kg7 21. Ra2 a5 22. h3 Rcb8 1/2-1/2

[Event "FICGS W-ch final email"]
[Site "FICGS email"]
[Date "2009.03.15"]
[Round "1"]
[White "Repa, Jason"]
[Black "Mueller, Robert"]
[Result "1/2-1/2"]
[WhiteElo "2336"]
[BlackElo "2405"]
[PlyCount "57"]
[EventDate "2009.??.??"]
[EventType "tourn (corr)"]
[EventRounds "6"]
[EventCategory "5"]
[SourceTitle "Corr 2022"]
[Source "ChessBase"]
[SourceDate "2021.10.24"]
[SourceVersion "1"]
[SourceVersionDate "2021.10.24"]
[SourceQuality "1"]

1. e4 c5 2. Nf3 d6 3. d4 cxd4 4. Nxd4 Nf6 5. Nc3 a6 6. Be3 e6 7. f3 b5 8. g4 h6 9. Qd2 b4 10. Na4 Nbd7 11. 0-0-0 Ne5 12. Qxb4 Bd7 13. Bf4 g5 14. Bg3 h5 15. Nb3 hxg4 16. fxg4 a5 17. Qd4 Nc6 18. Qe3 Nxg4 19. Qb6 Nce5 20. Bb5 Qb8 21. Bxd7+ Nxd7 22. Qc6 Qc8 23. Qxc8+ Rxc8 24. Rhe1 Nde5 25. Nxa5 f5 26. exf5 exf5 27. Nb6 Rc7 28. Nd5 Rc8 29. Nb6 1/2-1/2

[Event "FICGS class M 000003 email"]
[Site "FICGS email"]
[Date "2009.03.14"]
[Round "1"]
[White "Gueci, Alberto"]
[Black "Repa, Jason"]
[Result "1/2-1/2"]
[WhiteElo "2379"]
[BlackElo "2336"]
[PlyCount "52"]
[EventDate "2009.??.??"]
[EventType "tourn (corr)"]
[EventRounds "1"]
[SourceTitle "Corr 2022"]
[Source "ChessBase"]
[SourceDate "2021.10.24"]
[SourceVersion "1"]
[SourceVersionDate "2021.10.24"]
[SourceQuality "1"]

1. e4 e6 2. d4 d5 3. Nc3 Nf6 4. Bg5 Bb4 5. e5 h6 6. Be3 Ne4 7. Qg4 g6 8. a3 Bxc3+ 9. bxc3 c5 10. Bd3 h5 11. Qf3 Nxc3 12. dxc5 Nc6 13. Qf4 d4 14. Bd2 g5 15. Qxg5 Qxg5 16. Bxg5 Nxe5 17. Bf6 Nxd3+ 18. cxd3 Rg8 19. Bxd4 Na4 20. Ne2 Bd7 21. Nf4 Rg5 22. Be3 Nxc5 23. d4 Na6 24. Nxe6 Rxg2 25. Nf4 Rg5 26. h4 Rf5 1/2-1/2

[Event "Winnipeg Mike Shpan Memorial"]
[Site "Winnipeg"]
[Date "2008.12.09"]
[Round "5"]
[White "Pottinger, Carl"]
[Black "Repa, Jason"]
[Result "0-1"]
[WhiteElo "1813"]
[BlackElo "2010"]
[PlyCount "54"]
[EventDate "2008.11.04"]
[EventType "tourn"]
[EventRounds "7"]
[EventCountry "CAN"]
[SourceTitle "EXT 2011"]
[Source "ChessBase"]
[SourceDate "2010.11.26"]
[SourceVersion "1"]
[SourceVersionDate "2010.11.26"]
[SourceQuality "1"]

1. c4 Nf6 2. g3 e6 3. Bg2 d5 4. cxd5 exd5 5. Nf3 Bd6 6. 0-0 0-0 7. Nc3 c6 8. d4 Re8 9. Bg5 Nbd7 10. Rc1 Qe7 11. e3 h6 12. Bxf6 Nxf6 13. Na4 Ne4 14. Nd2 Nxd2 15. Qxd2 h5 16. Nc5 h4 17. Rfe1 hxg3 18. hxg3 Bxc5 19. Rxc5 Qg5 20. b4 a6 21. a4 Qh5 22. b5 axb5 23. axb5 Re6 24. bxc6 bxc6 25. Qc1 Rh6 26. Qb1 Bg4 27. Qb7 Bf3 0-1

[Event "FICGS W-ch st2 g04 email"]
[Site "FICGS email"]
[Date "2008.07.12"]
[Round "1"]
[White "Broniek, Mariusz Maciej"]
[Black "Repa, Jason"]
[Result "1/2-1/2"]
[WhiteElo "2055"]
[BlackElo "2330"]
[PlyCount "43"]
[EventDate "2008.??.??"]
[EventType "tourn (corr)"]
[EventRounds "8"]
[SourceTitle "Corr 2022"]
[Source "ChessBase"]
[SourceDate "2021.10.24"]
[SourceVersion "1"]
[SourceVersionDate "2021.10.24"]
[SourceQuality "1"]

1. e4 e6 2. d4 d5 3. Nc3 Nf6 4. Bg5 Bb4 5. e5 h6 6. Bd2 Bxc3 7. bxc3 Ne4 8. Qg4 g6 9. Bc1 Nxc3 10. Bd3 c5 11. dxc5 Qa5 12. Bd2 Qa4 13. h3 Ne4 14. Bxe4 Qd4 15. Rd1 Qxe5 16. f3 dxe4 17. Qxe4 Qxc5 18. Be3 Qe7 19. Ne2 Nc6 20. Nd4 Nxd4 21. Rxd4 h5 22. Bd2 1/2-1/2

[Event "FICGS class M 000019 email"]
[Site "FICGS email"]
[Date "2008.04.08"]
[Round "1"]
[White "Repa, Jason"]
[Black "Lowrance, Wayne"]
[Result "1/2-1/2"]
[WhiteElo "2261"]
[BlackElo "2263"]
[PlyCount "81"]
[EventDate "2008.??.??"]
[EventType "tourn (corr)"]
[EventRounds "6"]
[SourceTitle "Corr 2022"]
[Source "ChessBase"]
[SourceDate "2021.10.24"]
[SourceVersion "1"]
[SourceVersionDate "2021.10.24"]
[SourceQuality "1"]

1. e4 c5 2. Nf3 d6 3. d4 cxd4 4. Nxd4 Nf6 5. Nc3 g6 6. Be3 Bg7 7. f3 0-0 8. Qd2 Nc6 9. Bc4 Nxd4 10. Bxd4 Be6 11. Bb3 Qa5 12. 0-0-0 Bxb3 13. cxb3 Rfc8 14. Kb1 Rc6 15. g4 Rac8 16. h4 h5 17. g5 Ne8 18. Bxg7 Nxg7 19. f4 e6 20. a3 b5 21. b4 Qb6 22. f5 exf5 23. Nd5 Qb7 24. Rhf1 Rc4 25. Nf6+ Kh8 26. Qxd6 fxe4 27. Rfe1 Nf5 28. Qe5 Qc7 29. Qxc7 R4xc7 30. Rxe4 a6 31. Rd5 Rc1+ 32. Ka2 Rf1 33. Rc5 Ra8 34. a4 bxa4 35. Ra5 Nd6 36. Rd4 Ne8 37. b5 Nxf6 38. gxf6 Rxf6 39. Rdxa4 Rb8 40. bxa6 Rf2 41. a7 1/2-1/2

[Event "FICGS class M 000018 email"]
[Site "FICGS email"]
[Date "2008.03.01"]
[Round "1"]
[White "Sanchez, Eduardo"]
[Black "Repa, Jason"]
[Result "1/2-1/2"]
[WhiteElo "2228"]
[BlackElo "2261"]
[PlyCount "50"]
[EventDate "2008.??.??"]
[EventType "tourn (corr)"]
[EventRounds "6"]
[SourceTitle "Corr 2022"]
[Source "ChessBase"]
[SourceDate "2021.10.24"]
[SourceVersion "1"]
[SourceVersionDate "2021.10.24"]
[SourceQuality "1"]

1. d4 Nf6 2. Nf3 g6 3. g3 Bg7 4. Bg2 d5 5. 0-0 0-0 6. Bf4 c5 7. c3 Nc6 8. Nbd2 Qb6 9. Qb3 c4 10. Qxb6 axb6 11. Ne5 b5 12. e4 Rd8 13. Rfe1 Be6 14. a3 Ra7 15. Rad1 Na5 16. f3 Bc8 17. Be3 Ra6 18. Bf2 Nc6 19. h3 h5 20. f4 Na5 21. exd5 Nxd5 22. Ndf3 e6 23. Re2 Nc6 24. Ng5 Rf8 25. Ngf3 Rd8 1/2-1/2

[Event "FICGS W-ch st1 g05 email"]
[Site "FICGS email"]
[Date "2008.01.08"]
[Round "1"]
[White "Repa, Jason"]
[Black "Pech, Matej"]
[Result "1-0"]
[WhiteElo "2218"]
[BlackElo "1686"]
[PlyCount "65"]
[EventDate "2008.??.??"]
[EventType "tourn (corr)"]
[EventRounds "8"]
[SourceTitle "Corr 2022"]
[Source "ChessBase"]
[SourceDate "2021.10.24"]
[SourceVersion "1"]
[SourceVersionDate "2021.10.24"]
[SourceQuality "1"]

1. e4 c5 2. Nf3 Nc6 3. d4 cxd4 4. Nxd4 Nf6 5. Nc3 e5 6. Ndb5 d6 7. Nd5 Nxd5 8. exd5 Nb8 9. c4 a6 10. Nc3 Be7 11. Be2 0-0 12. 0-0 f5 13. Bd2 Nd7 14. Rc1 Qb6 15. b4 Qd4 16. Qc2 Qh4 17. f4 e4 18. Na4 a5 19. bxa5 Bd8 20. c5 Bxa5 21. Bxa5 Rxa5 22. c6 Nc5 23. Nb6 bxc6 24. Nc4 Qd8 25. Nxa5 Qxa5 26. dxc6 Qb6 27. Qb1 Qa7 28. Bc4+ Kh8 29. Kh1 Qc7 30. a4 Nxa4 31. Qb5 Nc5 32. Ra1 Qe7 33. Qb6 1-0

[Event "FICGS W-ch st1 g05 email"]
[Site "FICGS email"]
[Date "2008.01.08"]
[Round "1"]
[White "Stoyanov, Zdravko"]
[Black "Repa, Jason"]
[Result "0-1"]
[WhiteElo "1289"]
[BlackElo "2218"]
[PlyCount "50"]
[EventDate "2008.??.??"]
[EventType "tourn (corr)"]
[EventRounds "8"]
[SourceTitle "Corr 2022"]
[Source "ChessBase"]
[SourceDate "2021.10.24"]
[SourceVersion "1"]
[SourceVersionDate "2021.10.24"]
[SourceQuality "1"]

1. e4 e6 2. a3 d5 3. e5 c5 4. c4 Nc6 5. Nf3 d4 6. d3 Nge7 7. Nbd2 Ng6 8. Ne4 Be7 9. Be2 Ngxe5 10. Bf4 Ng6 11. Bd2 0-0 12. 0-0 f5 13. Ng3 a5 14. Re1 Bd7 15. h3 Qc7 16. Bg5 Bd6 17. Nh5 f4 18. Qd2 Rf5 19. b3 Raf8 20. a4 h6 21. g4 fxg3 22. Nxg3 Bxg3 23. Bxh6 Bxf2+ 24. Kxf2 Qh2+ 25. Kf1 Rxf3+ 0-1

[Event "FICGS class M 000017 email"]
[Site "FICGS email"]
[Date "2008.01.01"]
[Round "1"]
[White "Helmer, Janos"]
[Black "Repa, Jason"]
[Result "0-1"]
[WhiteElo "2279"]
[BlackElo "2218"]
[PlyCount "96"]
[EventDate "2008.??.??"]
[EventType "tourn (corr)"]
[EventRounds "6"]
[SourceTitle "Corr 2022"]
[Source "ChessBase"]
[SourceDate "2021.10.24"]
[SourceVersion "1"]
[SourceVersionDate "2021.10.24"]
[SourceQuality "1"]

1. c4 c6 2. d4 d5 3. Nc3 Nf6 4. Nf3 e6 5. e3 Nbd7 6. Qc2 Bd6 7. Be2 0-0 8. 0-0 dxc4 9. Bxc4 a6 10. Rd1 b5 11. Be2 Qc7 12. e4 e5 13. g3 Re8 14. a3 exd4 15. Nxd4 Be5 16. Be3 c5 17. Nf5 Bb7 18. f3 g6 19. Nh6+ Kg7 20. Bf1 Rad8 21. Qf2 Nf8 22. g4 Ne6 23. g5 Nh5 24. Ng4 Bf4 25. Bxf4 Qxf4 26. h4 Nd4 27. Bg2 Bc8 28. Ne3 Be6 29. b4 Qe5 30. bxc5 Nb3 31. Rxd8 Rxd8 32. Rd1 Rxd1+ 33. Ncxd1 Qxc5 34. Nc2 Qc7 35. Nd4 Nxd4 36. Qxd4+ Kg8 37. Qd2 h6 38. gxh6 Qe7 39. Nf2 Qxa3 40. Bh3 Bc4 41. Kg2 Qa1 42. Nd1 Qf6 43. Qg5 a5 44. Ne3 Nf4+ 45. Kg3 Qxg5+ 46. hxg5 Nxh3 47. Kxh3 a4 48. Nc2 Bb3 0-1

[Event "FICGS class M 000017 email"]
[Site "FICGS email"]
[Date "2008.01.01"]
[Round "1"]
[White "Repa, Jason"]
[Black "Marton Bardocz, Sandor"]
[Result "1-0"]
[WhiteElo "2218"]
[BlackElo "2365"]
[PlyCount "119"]
[EventDate "2008.??.??"]
[EventType "tourn (corr)"]
[EventRounds "6"]
[SourceTitle "Corr 2022"]
[Source "ChessBase"]
[SourceDate "2021.10.24"]
[SourceVersion "1"]
[SourceVersionDate "2021.10.24"]
[SourceQuality "1"]

1. e4 c5 2. Nf3 d6 3. d4 cxd4 4. Nxd4 Nf6 5. Nc3 a6 6. Be3 e5 7. Nb3 Be6 8. f3 Be7 9. Qd2 Nbd7 10. g4 h6 11. 0-0-0 b5 12. h4 Nb6 13. Qf2 Rb8 14. Nc5 b4 15. Nb1 d5 16. exd5 Nfxd5 17. Nxa6 Rc8 18. Bb5+ Kf8 19. Bc5 Bxc5 20. Nxc5 Qc7 21. Na6 Qe7 22. Nd2 Bd7 23. Bd3 Nf4 24. Qxb6 Nxd3+ 25. Kb1 Rc6 26. Qb8+ Rc8 27. Qa7 Nf4 28. Nxb4 Bb5 29. Qa5 Be2 30. Rde1 Qd8 31. Qxd8+ Rxd8 32. Kc1 f6 33. Rh2 Bb5 34. c4 Rc8 35. b3 Ke7 36. Kc2 Rhd8 37. Kc3 Bc6 38. a4 Rd4 39. a5 Ba8 40. a6 Kd6 41. Ne4+ Ke7 42. a7 Rd7 43. Ra2 Ne6 44. g5 Bb7 45. gxf6+ gxf6 46. Ra5 Ra8 47. Rea1 Nd4 48. Nc5 Rc7 49. Nxb7 Rxb7 50. Nd5+ Kf7 51. b4 Nc6 52. Ra6 Rbxa7 53. Rxa7+ Rxa7 54. Rxa7+ Nxa7 55. b5 Ke6 56. Nb4 Nc8 57. c5 Kd7 58. Kc4 Kc7 59. Nd5+ Kb8 60. Nxf6 1-0

[Event "FICGS class M 000015 email"]
[Site "FICGS email"]
[Date "2007.11.18"]
[Round "1"]
[White "Sammut, Ronald"]
[Black "Repa, Jason"]
[Result "1/2-1/2"]
[WhiteElo "2314"]
[BlackElo "2174"]
[PlyCount "108"]
[EventDate "2007.??.??"]
[EventType "tourn (corr)"]
[EventRounds "6"]
[SourceTitle "Corr 2022"]
[Source "ChessBase"]
[SourceDate "2021.10.24"]
[SourceVersion "1"]
[SourceVersionDate "2021.10.24"]
[SourceQuality "1"]

1. e4 e6 2. d4 d5 3. Nc3 Nf6 4. Bg5 Bb4 5. e5 h6 6. Bd2 Bxc3 7. bxc3 Ne4 8. Qg4 Kf8 9. Bd3 Nxd2 10. Kxd2 c5 11. h4 Nc6 12. Rh3 c4 13. Be2 Bd7 14. Rg3 Rg8 15. Qf4 Qb6 16. Bh5 Be8 17. Kc1 Qa5 18. a3 Ne7 19. Ne2 Nf5 20. Rh3 Qd8 21. Kb2 Rh8 22. Rg1 Rc8 23. g4 Nxh4 24. Qc1 Rc6 25. Ka2 Ra6 26. Rgh1 Ng6 27. Bxg6 fxg6 28. Rf3+ Ke7 29. g5 h5 30. Qd2 Qa5 31. Qc1 Rf8 32. Rhh3 Ba4 33. Rxf8 Kxf8 34. Kb1 Ke8 35. Rf3 Qd8 36. Ng1 Qe7 37. Rh3 Kf8 38. Nf3 Kg8 39. Nh2 Be8 40. Ka2 b5 41. Nf1 Ra4 42. f4 a5 43. Nd2 b4 44. Nb1 Bc6 45. Rh2 Qa7 46. Qe3 Qb7 47. Qc1 Qe7 48. Qe3 Qf8 49. Rh4 Qb8 50. Qe1 b3+ 51. Kb2 bxc2+ 52. Kxc2 Qb3+ 53. Kc1 Qb7 54. Rh2 Qb6 1/2-1/2

[Event "FICGS class M 000014 email"]
[Site "FICGS email"]
[Date "2007.10.10"]
[Round "1"]
[White "Kuhne, Detlev"]
[Black "Repa, Jason"]
[Result "1/2-1/2"]
[WhiteElo "2319"]
[BlackElo "2207"]
[PlyCount "45"]
[EventDate "2007.??.??"]
[EventType "tourn (corr)"]
[EventRounds "6"]
[SourceTitle "Corr 2022"]
[Source "ChessBase"]
[SourceDate "2021.10.24"]
[SourceVersion "1"]
[SourceVersionDate "2021.10.24"]
[SourceQuality "1"]

1. c4 Nf6 2. Nc3 e5 3. Nf3 Nc6 4. d4 exd4 5. Nxd4 Bb4 6. Bg5 h6 7. Bh4 Bxc3+ 8. bxc3 Ne5 9. f4 Ng6 10. Bxf6 Qxf6 11. g3 Nf8 12. Bg2 Ne6 13. 0-0 0-0 14. e4 d6 15. Qd2 Nc5 16. Rae1 Bd7 17. Nb3 Rad8 18. e5 Nxb3 19. axb3 dxe5 20. Rxe5 Bc6 21. Qe3 Bxg2 22. Kxg2 Qc6+ 23. Kh3 1/2-1/2